000 004440000a22001330004500
090 _aAR
_b04106
245 1 0 _aIndicator system with GIS explain and prevent biodiversity losses in the colombian Amazonia
700 1 _aRodríguez, Nelly
_92387
700 1 _aRudas, G.
_998012
700 1 _aSua, Sonia
_94718
100 1 _aArmenteras, Dolors
_92694
942 _cARTICULO
773 1 _thtttp/gis.esri.com/library/userconf/proc02/pap1115.htm
_q1-11
_d2005
999 _c13204
_d13204